DfB-Pokal-Sieger - Statistiken

Allgemein
  • Dieses Quiz wurde 64 mal gespielt
  • Das Durchschnittsergebnis liegt bei 18 aus 26
Antwortstatistiken
DfB-Pokalsiege Verein % Korrekt
20 FC Bayern München
100%
5 Dorussia Dortmund
100%
3 Hamburger SV
96%
4 VfB Stuttgart
95%
5 FC Schalke 04
93%
6 SV Werder Bremen
93%
4 1. FC Köln
91%
4 1. FC Nürnberg
91%
3 Borussia Mönchengladbach
89%
2 RB Leipzig
89%
2 Bayer 04 Leverkusen
86%
5 Eintracht Frankfurt
86%
2 Fortuna Düsseldorf
77%
1 Hannover 96
77%
1 VfL Wolfsburg
73%
2 1860 München
70%
1 Bayer 05 Uerdingen
50%
2 1. FC Kaiserslautern
45%
2 Karlsruher SC
45%
1 Rapid Wien
43%
1 VfB Leipzig
43%
1 Rot-Weiß Essen
39%
1 Kickers Offenbach
36%
1 Schwarz-Weiß Essen
23%
2 Dresdner SC 1898
14%
1 First Vienna FC
9%
Keine übereinstimmenden Quizze gefunden
Verteilung der Resultate
Anzahl Personen mit jedem Resultat
Perzentil nach korrekt beantworteten Fragen
Ihre Resultats-Entwicklung
Sie haben dieses Quiz noch nicht gespielt